000 00768nam a22002652a 4500
001 77343
003 BD-RjUL
005 20211209082948.0
008 860101s1965 enkc b 000 0deng d
035 _a[BD-RjUL] 77568)
040 _aDLC
_cWSU
_dOCL
_dVXX
_dEQO
_beng
041 _aeng
082 _219
_a821.8
092 _aD0504289242
100 1 _aStanford, Derek.
_9240952
245 1 0 _aPoets of the 'nineties:
_ba biographical anthology /
_cDerek Stanford
260 _a[London] :
_bJ. Baker,
_c[1965]
300 _a225 p. :
_bports.;
_c22 cm
504 _aBibliography: p. 224-225
650 0 _aEnglish poetry
_y19th century
_9240953
942 _2ddc
_cBK
999 _c77343
_d77343